Спираль: Роман-фантасмагория

Manylion Llyfryddiaeth
Prif Awdur: Панджикидзе Г. И. Гурам Иванович
Awduron Eraill: Федоров-Циклаури А. (переводчик)
Iaith:Rwseg
Cyhoeddwyd: Москва, Советский писатель, 1989
Pynciau:
Fformat: MixedMaterials Llyfr
KOHA link:https://koha.lib.tpu.ru/cgi-bin/koha/opac-detail.pl?biblionumber=146672

MARC

LEADER 00000nam0a2200000 4500
001 146672
005 20231031144731.0
010 |a 5265000488 
020 |a RU  |b 89-30286 
035 |a (RuTPU)RU\TPU\book\158995 
090 |a 146672 
100 |a 20081101d1989 m y0rusy5003 ca 
101 1 |a rus  |c gex 
102 |a RU 
105 |a c z 000ay 
200 1 |a Спираль  |e Роман-фантасмагория  |f Г. И. Панджикидзе  |g пер. с груз. А. Федоров-Циклаури 
210 |a Москва  |c Советский писатель  |d 1989 
215 |a 397,[1] с.  |d 21 см 
610 1 |a грузинская литература 
610 1 |a романы 
675 |a 894.6  |z rus 
700 1 |a Панджикидзе  |b Г. И.  |g Гурам Иванович  |4 070 
702 1 |a Федоров-Циклаури  |b А.  |4 730 
801 0 |a RU  |b RuMRKP  |c 19950417  |g psbo 
801 1 |a RU  |b 63413507  |c 20081101  |g PSBO 
801 2 |a RU  |b 63413507  |c 20081101  |g PSBO 
942 |c BK